Finite-dimensional vector spaces

Uloženo v:
Podrobná bibliografie
Hlavní autor: Halmos, Paul Richard (Autor)
Médium: Kniha
Jazyk:angličtina
Vydáno: Princeton D. van Nostrand 1958
Vydání:2a. ed
Témata:
Tagy: Přidat tag
Žádné tagy, Buďte první, kdo vytvoří štítek k tomuto záznamu!

MARC

LEADER 00000nam a2200000 a 4500
001 UCH2751
003 CL-VaPUC
008 090624e19580000us |||||||||||||||||eng|d
082 0 4 |a 512.52  |b HAL  |2 21 
100 |a Halmos, Paul Richard  |e author  |9 591370 
245 1 0 |a Finite-dimensional vector spaces 
250 |a 2a. ed 
300 |a 200 p 
942 |c BK 
945 |d 20090624 00:00:00  |a dcastane 
260 |a Princeton  |b D. van Nostrand  |c 1958 
650 0 |a Álgebra vectorial   |9 269971 
650 0 |a Transformaciones lineales  |9 24 
650 0 |a Polinomios  |9 270626 
650 0 |a Vectores  |9 317184 
650 0 |a Matrices   |9 22 
583 |a last modification  |c 20150504 03:32:42  |k Rodrigo Vera 
999 |c 334450  |d 334448 
952 |0 0  |1 0  |4 0  |6 512_520000000000000_HAL_1958  |7 0  |8 A  |9 423504  |a BIBCUR  |b BIBCUR  |d 2019-11-22  |i 456491K  |l 1  |o 512.52 HAL 1958  |p 456491K  |r 2025-04-22  |s 2022-08-12  |w 2019-11-22  |y BK  |k FIS